| 000 | 01533nam2a2200349 4500 | ||
|---|---|---|---|
| 001 | RU\NLR\bibl\1477646 | ||
| 005 | 20250616004241.0 | ||
| 010 |
_a978-5-7454-1189-2 _92000 |
||
| 021 |
_aRU _b2009-106688 _96803 |
||
| 035 | _a(NLR Aleph) 001469311 | ||
| 090 |
_a1633370 _c1633370 |
||
| 100 | _a20100225d2009 |||y0rusy50 ca | ||
| 101 | 1 |
_arus _aeng _ager _alat _cund |
|
| 102 | _aRU | ||
| 105 | _aa ||||||||| | ||
| 200 | 1 |
_aСовременное христианство _iРеформация в Германии _f[пер.: Розет Д.А.] |
|
| 210 |
_d2009 _aБ. м. |
||
| 215 |
_a463 с. _cпортр., факс. |
||
| 300 | _aЗагл. ориг.: Modern christianity | ||
| 300 | _aЧасть текста на лат., англ., нем. яз. | ||
| 320 | _aБиблиогр. в подстроч. примеч. | ||
| 320 | _aУказатели: имен, тематический: с. 447-458 | ||
| 454 | 0 |
_12001#$aModern christianity _tModern christianity |
|
| 461 | 0 |
_1001RU\NLR\bibl\1160046 _12001#$aИстория христианской церкви$vТ. 7 _91452358 _aШафф, Ф. _cСанкт-Петербург _d2007 _fФилип Шафф _nБиблия для всех _tИстория христианской церкви _vТ. 7 |
|
| 606 | 1 |
_aРеформация _yГермания _9917036 _3RU\NLR\auth\6616400 |
|
| 686 | _aЭ376-39(4Г)43-011 | ||
| 801 | 0 |
_aRU _bNLR _c20100225 _gRCR |
|
| 801 | 1 |
_aRU _bNLR _c20100225 |
|
| 942 | _cBOOK | ||
| 980 | _aNB | ||